000 00388nam a22001697a 4500
020 _a9789356434882
082 _aM3
_bJIS/M
100 _aJisa Jose
245 _aMukthibahini/
_cby Jisa Jose
250 _a3rd ed.
260 _aKottayam:
_bDc books,
_c2024.
300 _a335p.
650 _aNovel Malayalam
650 _aLiterature Malayalam
650 _aLiterature
942 _cBK
999 _c181791
_d181791